[Event "Madrid-ch Veteranos 2016/2017"]
[Site "Madrid ESP"]
[Date "2017.01.17"]
[Round "7.8"]
[White "Paarup, Torsten"]
[Black "Quintero Torres, Pedro"]
[Result "1/2-1/2"]
[WhiteElo "1979"]
[BlackElo "1942"]
[PlyCount "133"]
[EventDate "2017.01.09"]
[EventType "swiss"]
[EventRounds "9"]
[EventCountry "ESP"]
[SourceTitle "Ajedrez en Madrid"]
[Source "lmi"]
[SourceDate "2017.01.09"]

1. e4 c6 2. Nc3 d5 3. Nf3 dxe4 4. Nxe4 Nf6 5. Qe2 Bg4 6. Nxf6+ gxf6 7. g3 Nd7
8. d4 Qa5+ 9. c3 O-O-O 10. Bg2 Qf5 11. h3 Bxf3 12. Qxf3 Qxf3 13. Bxf3 e5 14.
Be3 h5 15. h4 exd4 16. Bxd4 Ne5 17. Be2 c5 18. Be3 Nd3+ 19. Bxd3 Rxd3 20. Ke2
Rd5 21. Rhd1 Re5 22. Kd3 Bh6 23. Bxh6 Rxh6 24. Re1 Kd7 25. Re3 Rh8 26. Rae1 Kd6
27. R1e2 Rg8 28. Rf3 Ke6 29. Rfe3 Kd6 30. Kc2 b6 31. Rd2+ Ke6 32. Red3 Re8 33.
Rd7 Re7 34. Rxe7+ Kxe7 35. Kd3 f5 36. Re2 c4+ 37. Kd2 f6 38. Re3 Kd6 39. Rf3
Rd5+ 40. Ke2 Rb5 41. b4 cxb3 42. axb3 Rxb3 43. Rxf5 Ke6 44. Rf3 a5 45. Kd2 Rb2+
46. Kd3 a4 47. Rf4 b5 48. Re4+ Kf5 49. f3 a3 50. g4+ Kg6 51. Re6 a2 52. Ra6
hxg4 53. fxg4 Kf7 54. Ke4 Rh2 55. Kf5 Rf2+ 56. Ke4 Rc2 57. Kf5 Rxc3 58. Ra7+
Kg8 59. Rxa2 Rc4 60. g5 fxg5 61. hxg5 Rc7 62. Ra8+ Kg7 63. Rb8 Rc5+ 64. Kg4 Rc1
65. Rxb5 Rg1+ 66. Kf5 Rf1+ 67. Kg4 1/2-1/2

[Event "Madrid-ch Veteranos 2016/2017"]
[Site "Madrid ESP"]
[Date "2017.01.17"]
[Round "7.9"]
[White "Serrano Garcia, Vicente"]
[Black "Kejo, Janne"]
[Result "1-0"]
[WhiteElo "1807"]
[BlackElo "2059"]
[PlyCount "121"]
[EventDate "2017.01.09"]
[EventType "swiss"]
[EventRounds "9"]
[EventCountry "ESP"]
[SourceTitle "Ajedrez en Madrid"]
[Source "lmi"]
[SourceDate "2017.01.09"]

1. d4 Nf6 2. Nf3 c6 3. Bg5 d6 4. Nbd2 g6 5. e4 Bg7 6. h3 O-O 7. Be2 Nbd7 8. O-O
Re8 9. c4 Nf8 10. Qc2 Ne6 11. Be3 c5 12. Rad1 Qc7 13. d5 Nf8 14. Nb3 N6d7 15.
Qd2 a5 16. Bh6 Bh8 17. Nc1 a4 18. Nd3 a3 19. b4 cxb4 20. Qxb4 Qa5 21. Bd2 Qxb4
22. Nxb4 Nc5 23. Bd3 Bd7 24. Bc2 Rec8 25. Be3 Na4 26. Bb3 Nc3 27. Rd3 Nxe4 28.
Bd4 Nc5 29. Re3 e6 30. Bxh8 Kxh8 31. Ng5 Kg7 32. dxe6 Bxe6 33. Nxe6+ fxe6 34.
Rd1 Rd8 35. Bc2 Kf6 36. Nd3 Nxd3 37. Rexd3 Ke7 38. Rb3 Rd7 39. Be4 Ra4 40. Bxb7
Rxc4 41. Ba6 Rc5 42. Rdd3 Rc1+ 43. Kh2 Rdc7 44. Rxa3 Nd7 45. Re3 Nf6 46. Rab3
R1c2 47. Re2 Rxe2 48. Bxe2 Rc2 49. Rb7+ Kd8 50. Bf3 Rxa2 51. Kg3 Ra4 52. Rf7
Nh5+ 53. Bxh5 gxh5 54. Rxh7 Ra5 55. Kh4 Rf5 56. f3 d5 57. Rxh5 d4 58. Rxf5 exf5
59. Kg3 d3 60. Kf2 f4 61. Ke1 1-0

[Event "Madrid-ch Veteranos 2016/2017"]
[Site "Madrid ESP"]
[Date "2017.01.17"]
[Round "7.10"]
[White "Martin Rodriguez, Emilio"]
[Black "Garcia Martin, Esteban"]
[Result "1-0"]
[WhiteElo "2056"]
[BlackElo "1855"]
[PlyCount "141"]
[EventDate "2017.01.09"]
[EventType "swiss"]
[EventRounds "9"]
[EventCountry "ESP"]
[SourceTitle "Ajedrez en Madrid"]
[Source "lmi"]
[SourceDate "2017.01.09"]

1. d4 d5 2. Nf3 Nf6 3. e3 e6 4. Bd3 Be7 5. O-O O-O 6. b3 b6 7. Ne5 c5 8. Bb2
Bb7 9. Nd2 Nc6 10. a3 Nxe5 11. dxe5 Ne4 12. Nf3 f5 13. exf6 Bxf6 14. Ne5 Qe7
15. f3 Nd6 16. f4 Nf5 17. Qe2 Rad8 18. g4 Nh4 19. Rae1 d4 20. Nc4 Ng2 21. e4
Nxe1 22. Rxe1 e5 23. f5 Bg5 24. a4 Rf6 25. Nd2 Be3+ 26. Kh1 h5 27. Nf1 Bf4 28.
Bc1 Bxc1 29. Rxc1 hxg4 30. Ng3 Rh6 31. Rg1 Qh4 32. Nf1 Rf8 33. Rxg4 Qf6 34. Kg1
Kf7 35. Qg2 Rfh8 36. Rg5 R8h7 37. Bc4+ Kf8 38. Bd3 Bc6 39. Rg3 Be8 40. Rg5 Rh5
41. Rg3 Qh6 42. Rg4 Bf7 43. Be2 Qc1 44. Qg3 Rxh2 45. Qxe5 Rh1+ 46. Kg2 Qh6 47.
Rg3 Qf6 48. Qb8+ Be8 49. Bc4 R1h5 50. Bb5 Qe7 51. Bc6 Rg5 52. Bxe8 Rxg3+ 53.
Nxg3 Qxe8 54. Qd6+ Qe7 55. Qb8+ Kf7 56. e5 Rh4 57. Kf3 g5 58. e6+ Kg7 59. Qe5+
Qf6 60. Qc7+ Kf8 61. Qd6+ Qe7 62. Qe5 Rf4+ 63. Ke2 Kg8 64. Nh5 Qb7 65. Nxf4
gxf4 66. Qxf4 Qg2+ 67. Kd3 Qh3+ 68. Ke4 Qg2+ 69. Ke5 Qg7+ 70. f6 Qc7+ 71. Kf5
1-0

[Event "Madrid-ch Veteranos 2016/2017"]
[Site "Madrid ESP"]
[Date "2017.01.17"]
[Round "7.11"]
[White "Esteban Amo, Jose M"]
[Black "Lorenzo Bailador, Alfredo"]
[Result "0-1"]
[WhiteElo "1850"]
[BlackElo "1999"]
[PlyCount "44"]
[EventDate "2017.01.09"]
[EventType "swiss"]
[EventRounds "9"]
[EventCountry "ESP"]
[SourceTitle "Ajedrez en Madrid"]
[Source "lmi"]
[SourceDate "2017.01.09"]

1. e4 e5 2. Nf3 Nc6 3. c3 Nf6 4. d4 Nxe4 5. d5 Ne7 6. Nxe5 Ng6 7. Nxg6 hxg6 8.
Be3 Bc5 9. Qe2 Bxe3 10. Qxe3 Qe7 11. Bd3 Nc5 12. Qxe7+ Kxe7 13. Bc2 d6 14. c4
Bf5 15. Bxf5 gxf5 16. O-O Rh4 17. f4 Rah8 18. h3 Nd3 19. b3 Rxf4 20. Rxf4 Nxf4
21. Nc3 a6 22. Ne2 Nxe2+ 0-1

[Event "Madrid-ch Veteranos 2016/2017"]
[Site "Madrid ESP"]
[Date "2017.01.17"]
[Round "7.12"]
[White "Alvarez Abejon, Amilcar"]
[Black "Lopez Heras, Arturo"]
[Result "0-1"]
[WhiteElo "1979"]
[BlackElo "1837"]
[PlyCount "52"]
[EventDate "2017.01.09"]
[EventType "swiss"]
[EventRounds "9"]
[EventCountry "ESP"]
[SourceTitle "Ajedrez en Madrid"]
[Source "lmi"]
[SourceDate "2017.01.09"]

1. d4 Nf6 2. Nf3 g6 3. c4 Bg7 4. Nc3 O-O 5. e4 d6 6. Be2 e5 7. O-O Nc6 8. d5
Ne7 9. Ne1 Ne8 10. Be3 f5 11. f3 f4 12. Bf2 Nf6 13. c5 g5 14. cxd6 cxd6 15. Rc1
Ng6 16. Nb5 Rf7 17. Qc2 Ne8 18. Nxa7 Bd7 19. b4 h5 20. Bb5 g4 21. Qa4 g3 22.
hxg3 fxg3 23. Bxg3 Bxb5 24. Qxb5 Rxa7 25. a4 Ra8 26. a5 Qg5 0-1

[Event "Madrid-ch Veteranos 2016/2017"]
[Site "Madrid ESP"]
[Date "2017.01.17"]
[Round "7.13"]
[White "Martin Martin, Luis Vicente"]
[Black "Alvarez Escudero, Manuel"]
[Result "1/2-1/2"]
[WhiteElo "1943"]
[BlackElo "1782"]
[PlyCount "21"]
[EventDate "2017.01.09"]
[EventType "swiss"]
[EventRounds "9"]
[EventCountry "ESP"]
[SourceTitle "Ajedrez en Madrid"]
[Source "lmi"]
[SourceDate "2017.01.09"]

1. e4 e5 2. Nf3 d6 3. d4 exd4 4. Qxd4 Nc6 5. Bb5 Bd7 6. Bxc6 Bxc6 7. Nc3 Nf6 8.
Bg5 Be7 9. O-O-O h6 10. Bh4 O-O 11. Rhe1 1/2-1/2

[Event "Madrid-ch Veteranos 2016/2017"]
[Site "Madrid ESP"]
[Date "2017.01.17"]
[Round "7.15"]
[White "Rueda Maria, Ramiro"]
[Black "Camarero Izquierdo, Juan Carlos"]
[Result "0-1"]
[WhiteElo "1860"]
[BlackElo "1732"]
[PlyCount "98"]
[EventDate "2017.01.09"]
[EventType "swiss"]
[EventRounds "9"]
[EventCountry "ESP"]
[SourceTitle "Ajedrez en Madrid"]
[Source "lmi"]
[SourceDate "2017.01.09"]

1. c4 e5 2. Nc3 Nf6 3. Nf3 Nc6 4. d4 e4 5. Ne5 Bb4 6. Nxc6 Bxc3+ 7. bxc3 bxc6
8. e3 O-O 9. Be2 d5 10. Rb1 Be6 11. Ba3 Re8 12. Qa4 Qd7 13. cxd5 Nxd5 14. Qa5
Nb6 15. Bc5 f5 16. O-O Qf7 17. a3 f4 18. exf4 Qxf4 19. Bxb6 axb6 20. Qb4 b5 21.
Qc5 Qd6 22. c4 Qxc5 23. dxc5 bxc4 24. Rfc1 Ra4 25. Rb4 Rxa3 26. Bxc4 Bxc4 27.
Rbxc4 Ra2 28. Kf1 e3 29. R4c2 Rxc2 30. Rxc2 exf2 31. Kxf2 Re5 32. Kf3 Kf7 33.
Kf4 Ke6 34. h4 Re1 35. h5 Kd5 36. Rd2+ Kxc5 37. Rd7 Kb6 38. Rxg7 c5 39. Rxh7 c4
40. Rg7 c3 41. Rg3 c2 42. Rb3+ Ka5 43. Rc3 c1=Q+ 44. Rxc1 Rxc1 45. Kg5 c5 46.
h6 c4 47. g4 c3 48. Kf6 c2 49. g5 Rh1 0-1

[Event "Madrid-ch Veteranos 2016/2017"]
[Site "Madrid ESP"]
[Date "2017.01.17"]
[Round "7.16"]
[White "Martin-Consuegra Barrilero, Francisco Javier"]
[Black "De Juan Rivas, Antonio"]
[Result "1/2-1/2"]
[WhiteElo "1855"]
[BlackElo "1682"]
[PlyCount "131"]
[EventDate "2017.01.09"]
[EventType "swiss"]
[EventRounds "9"]
[EventCountry "ESP"]
[SourceTitle "Ajedrez en Madrid"]
[Source "lmi"]
[SourceDate "2017.01.09"]

1. d4 Nf6 2. Bf4 g6 3. h3 Bg7 4. e3 O-O 5. Nf3 d6 6. Be2 c5 7. c3 Qb6 8. Qb3
Be6 9. Qa3 Nbd7 10. Nbd2 Bd5 11. O-O Ne4 12. Nxe4 Bxe4 13. Nd2 Bc6 14. Nc4 Qd8
15. Rad1 cxd4 16. exd4 Bb5 17. Rfe1 Bxc4 18. Bxc4 Nb6 19. Bb3 Qc7 20. Bg3 a5
21. Ba4 Nxa4 22. Qxa4 Rfe8 23. d5 Rab8 24. Qb5 Qd8 25. c4 b6 26. a4 Rc8 27. Rc1
Rc5 28. Qb3 Rc8 29. Qa2 Bd4 30. Rcd1 Bc5 31. b3 Qd7 32. Qc2 e5 33. dxe6 Rxe6
34. Rxe6 Qxe6 35. Qd3 Rd8 36. Kf1 Qf6 37. Qc2 Re8 38. f3 Bb4 39. Kg1 Bc5+ 40.
Kh2 Re6 41. Re1 Qe7 42. Rxe6 Qxe6 43. Qe4 Kg7 44. Qd3 Kg8 45. Bf4 h5 46. Bd2
Qe5+ 47. f4 Qd4 48. Qxd4 Bxd4 49. g3 Kg7 50. Kg2 f5 51. Kf3 Kf6 52. Be1 Ke6 53.
Ke2 Bc5 54. Bc3 d5 55. Bg7 dxc4 56. bxc4 Kd6 57. Kf3 Kc6 58. Bf6 Bd6 59. Bd4
Bc5 60. Ke3 Kd6 61. Kd3 Kc6 62. Bf6 Bf2 63. Bh4 Kc5 64. Be7+ Kc6 65. Bh4 Kc5
66. Be7+ 1/2-1/2

[Event "Madrid-ch Veteranos 2016/2017"]
[Site "Madrid ESP"]
[Date "2017.01.17"]
[Round "7.17"]
[White "Calderon Martin, Antonio"]
[Black "Hernandez Gutierrez, Jose"]
[Result "0-1"]
[WhiteElo "1699"]
[BlackElo "1816"]
[PlyCount "78"]
[EventDate "2017.01.09"]
[EventType "swiss"]
[EventRounds "9"]
[EventCountry "ESP"]
[SourceTitle "Ajedrez en Madrid"]
[Source "lmi"]
[SourceDate "2017.01.09"]

1. e4 c6 2. d4 d5 3. exd5 cxd5 4. Bd3 Nc6 5. c3 Qc7 6. Nf3 Bg4 7. Be3 e6 8.
Nbd2 Nf6 9. Qc2 Rc8 10. a3 g6 11. Bg5 Bg7 12. Bh4 Nh5 13. h3 Bxf3 14. Nxf3 O-O
15. O-O-O Qb6 16. g4 Nf6 17. Qe2 Nxd4 18. Nxd4 Qxd4 19. Kb1 Qb6 20. Rc1 Nd7 21.
f4 Bxc3 22. Bf2 Bd4 23. Bxd4 Qxd4 24. f5 Ne5 25. Rcd1 Nxd3 26. Rxd3 Qe4 27. Qd1
Rc6 28. Re1 Qf4 29. Rf1 Qg5 30. f6 Rfc8 31. Rc3 Rxc3 32. bxc3 Qe3 33. Rf3 Qe4+
34. Kb2 h6 35. Qf1 Rc6 36. Rd3 Rb6+ 37. Kc1 Qc4 38. Qe2 Qb3 39. Qc2 Qxa3+ 0-1

[Event "Madrid-ch Veteranos 2016/2017"]
[Site "Madrid ESP"]
[Date "2017.01.17"]
[Round "7.19"]
[White "Lopez Orellana, Federico"]
[Black "Ramos Antona, Enrique"]
[Result "1-0"]
[WhiteElo "1756"]
[BlackElo "1593"]
[PlyCount "83"]
[EventDate "2017.01.09"]
[EventType "swiss"]
[EventRounds "9"]
[EventCountry "ESP"]
[SourceTitle "Ajedrez en Madrid"]
[Source "lmi"]
[SourceDate "2017.01.09"]

1. d4 d5 2. e3 c6 3. Bd3 Nf6 4. Nd2 e6 5. f4 c5 6. c3 Nc6 7. Ngf3 cxd4 8. exd4
Bd6 9. Ne5 Ne7 10. O-O Nf5 11. Qe2 O-O 12. Rf3 Nd7 13. Rh3 g6 14. g4 Ng7 15.
Ndf3 Be7 16. Bd2 f6 17. Nxd7 Bxd7 18. Qf2 f5 19. g5 Bd6 20. Ne5 Bxe5 21. dxe5
a6 22. Be2 Be8 23. Be3 b5 24. Bc5 Rf7 25. Rd1 Rd7 26. Rhd3 Bf7 27. Qd4 Rc8 28.
R3d2 Rc6 29. a4 Rb7 30. axb5 axb5 31. Ra1 Qc8 32. b4 Ne8 33. Rda2 Kg7 34. Ra5
Nc7 35. Qd2 h6 36. h4 hxg5 37. hxg5 Be8 38. Kg2 Kf7 39. Rh1 Kg7 40. Qe1 Bf7 41.
Qh4 Qf8 42. Qh7# 1-0

[Event "Madrid-ch Veteranos 2016/2017"]
[Site "Madrid ESP"]
[Date "2017.01.17"]
[Round "7.20"]
[White "Cupeiro Fernandez, Manuel"]
[Black "Martinez Pintor, Juan"]
[Result "1/2-1/2"]
[WhiteElo "1525"]
[BlackElo "1664"]
[PlyCount "101"]
[EventDate "2017.01.09"]
[EventType "swiss"]
[EventRounds "9"]
[EventCountry "ESP"]
[SourceTitle "Ajedrez en Madrid"]
[Source "lmi"]
[SourceDate "2017.01.09"]

1. e4 e6 2. d4 d5 3. e5 c5 4. c3 Qb6 5. Nf3 Bd7 6. Bd3 Nc6 7. Bc2 cxd4 8. cxd4
Nb4 9. O-O Nxc2 10. Qxc2 Ne7 11. Nc3 Rc8 12. Qb1 Nf5 13. Be3 Be7 14. Re1 O-O
15. Ne2 Bb5 16. a3 Bc4 17. Ng3 Nxg3 18. hxg3 Qb3 19. Nd2 Qb5 20. Nxc4 Rxc4 21.
b4 Rfc8 22. Qd3 Qa4 23. Qd1 Qa6 24. Qe2 b5 25. Ra2 Rc3 26. Rea1 Qa4 27. Qd1 Qa6
28. a4 Bxb4 29. axb5 Qxb5 30. Rxa7 R3c4 31. Ra8 Qb7 32. Qa4 Rxa8 33. Qxa8+ Qc8
34. Qxc8+ Rxc8 35. Rd1 h6 36. Kf1 Kh7 37. Ke2 Kg6 38. Rd3 Rc3 39. Rxc3 Bxc3 40.
g4 f6 41. f4 f5 42. Kf3 fxg4+ 43. Kxg4 h5+ 44. Kf3 Kf5 45. Bf2 Bd2 46. g3 g5
47. fxg5 Kxg5 48. Bg1 Bc3 49. Be3+ Kg6 50. Kf4 Be1 51. Bc1 1/2-1/2

[Event "Madrid-ch Veteranos 2016/2017"]
[Site "Madrid ESP"]
[Date "2017.01.17"]
[Round "7.21"]
[White "Osuna Osuna, Francisco"]
[Black "Salgado Duarte, Pablo"]
[Result "1-0"]
[WhiteElo "1488"]
[BlackElo "1574"]
[PlyCount "123"]
[EventDate "2017.01.09"]
[EventType "swiss"]
[EventRounds "9"]
[EventCountry "ESP"]
[SourceTitle "Ajedrez en Madrid"]
[Source "lmi"]
[SourceDate "2017.01.09"]

1. e4 d6 2. d4 Nf6 3. Nc3 Nc6 4. Nf3 e6 5. Bb5 Bd7 6. O-O h6 7. Re1 Be7 8. a3
a6 9. Ba4 b5 10. Bb3 O-O 11. Qd3 Nh7 12. Ne2 Ng5 13. Nxg5 Bxg5 14. Ng3 Bf6 15.
c3 e5 16. Bc2 Ne7 17. Nf5 Ng6 18. Bb3 Bg5 19. Qg3 Bxc1 20. Qxg6 Bxf5 21. exf5
Bxb2 22. dxe5 d5 23. Qg4 Bxc3 24. f6 g6 25. Qh3 Bd2 26. Rad1 Bg5 27. Bxd5 Qc8
28. e6 c6 29. exf7+ Kh7 30. Qxc8 Raxc8 31. Be6 Rc7 32. Bb3 Bxf6 33. Re8 Rc8 34.
Rxf8 Rxf8 35. Re1 Kg7 36. Re4 c5 37. Be6 c4 38. a4 c3 39. axb5 axb5 40. Bb3 c2
41. Bxc2 Rxf7 42. Rb4 Rc7 43. Bd3 Rc5 44. Bxb5 Rc2 45. Bf1 h5 46. g4 Bh4 47.
gxh5 Bxf2+ 48. Kh1 Bc5 49. Rb7+ Kh6 50. hxg6 Kxg6 51. Bd3+ Kf6 52. Bxc2 Bd4 53.
Kg2 Be5 54. h3 Kg5 55. Rb5 Kf6 56. Kf3 Ba1 57. Kg4 Kg7 58. Kh5 Bc3 59. Rg5+ Kh8
60. Kg6 Bd4 61. Rd5 Bb6 62. Kf7 1-0

[Event "Madrid-ch Veteranos 2016/2017"]
[Site "Madrid ESP"]
[Date "2017.01.17"]
[Round "7.23"]
[White "Martinez Martinez, Javier Ii"]
[Black "Perales Hernandez, Manuel"]
[Result "1/2-1/2"]
[WhiteElo "1711"]
[BlackElo "1306"]
[PlyCount "87"]
[EventDate "2017.01.09"]
[EventType "swiss"]
[EventRounds "9"]
[EventCountry "ESP"]
[SourceTitle "Ajedrez en Madrid"]
[Source "lmi"]
[SourceDate "2017.01.09"]

1. d4 d5 2. Nf3 Bg4 3. Ne5 Nf6 4. Nxg4 Nxg4 5. e4 h5 6. e5 g6 7. Bd3 Qd7 8. Qe2
e6 9. O-O Nc6 10. c3 Bh6 11. Nd2 Rg8 12. h3 Bxd2 13. Bxd2 f5 14. hxg4 hxg4 15.
Bg5 Qh7 16. Bf6 Kf7 17. f4 Nb8 18. g3 Nd7 19. Qh2 Qxh2+ 20. Kxh2 Nxf6 21. exf6
Rh8+ 22. Kg2 Rh5 23. Rae1 Rah8 24. Rh1 Rxh1 25. Rxh1 Rxh1 26. Kxh1 Kxf6 27. b4
g5 28. Kg2 gxf4 29. gxf4 b6 30. b5 Ke7 31. Kg3 Kd6 32. Be2 c5 33. Kh4 c4 34.
Bxg4 fxg4 35. Kxg4 Ke7 36. Kg5 Kf7 37. a3 Kg7 38. f5 e5 39. f6+ Kf8 40. dxe5 d4
41. Kf4 d3 42. Ke3 Kf7 43. Kd2 Ke6 44. a4 1/2-1/2

[Event "Madrid-ch Veteranos 2016/2017"]
[Site "Madrid ESP"]
[Date "2017.01.17"]
[Round "7.24"]
[White "Martinez De La Puente, Ignacio"]
[Black "Beekhof Harmsen, Willen"]
[Result "1-0"]
[WhiteElo "1706"]
[BlackElo "1555"]
[PlyCount "69"]
[EventDate "2017.01.09"]
[EventType "swiss"]
[EventRounds "9"]
[EventCountry "ESP"]
[SourceTitle "Ajedrez en Madrid"]
[Source "lmi"]
[SourceDate "2017.01.09"]

1. e4 g6 2. d4 Bg7 3. Bc4 c6 4. Be3 d5 5. Bd3 Qb6 6. exd5 Qxb2 7. Nd2 Bxd4 8.
Rb1 Qc3 9. Ne2 Qa5 10. Bxd4 f6 11. dxc6 Nxc6 12. Bc3 Qd8 13. O-O Nh6 14. Bc4
Nf7 15. Nf4 Qd6 16. Nd3 O-O 17. Re1 Kg7 18. Ne4 Qc7 19. Bb3 b6 20. Qf3 Nfe5 21.
Nxe5 fxe5 22. Qg3 Rf4 23. Qxf4 Bf5 24. Qg3 Rc8 25. f4 Nd4 26. Bxd4 exd4 27. Re2
b5 28. Ng5 Re8 29. Ne6+ Bxe6 30. Rxe6 a5 31. a4 Qc5 32. Re5 Qa7 33. Qd3 b4 34.
Rbe1 Qc7 35. Qxd4 1-0

[Event "Madrid-ch Veteranos 2016/2017"]
[Site "Madrid ESP"]
[Date "2017.01.17"]
[Round "7.25"]
[White "Ghavami, Mahmoud"]
[Black "Villodre Miranda, Juan Alonso"]
[Result "1-0"]
[WhiteElo "1566"]
[BlackElo "1652"]
[PlyCount "46"]
[EventDate "2017.01.09"]
[EventType "swiss"]
[EventRounds "9"]
[EventCountry "ESP"]
[SourceTitle "Ajedrez en Madrid"]
[Source "lmi"]
[SourceDate "2017.01.09"]

1. d4 d5 2. Bf4 e6 3. Nf3 c5 4. c3 b6 5. e3 a6 6. Bd3 Bd6 7. Bg3 c4 8. Bc2 b5
9. a3 Nc6 10. Nbd2 Bxg3 11. hxg3 h6 12. Qe2 f5 13. Ne5 Nxe5 14. dxe5 Qe7 15. f4
Bd7 16. Nf3 O-O-O 17. Nd4 Qf7 18. a4 Qe8 19. axb5 Bxb5 20. Kd2 Ne7 21. Ra3 Kb7
22. Rha1 Ng8 23. Qd1 Qh5 1-0

[Event "Madrid-ch Veteranos 2016/2017"]
[Site "Madrid ESP"]
[Date "2017.01.17"]
[Round "7.26"]
[White "Infante Martin, Alonso"]
[Black "Martinez Carrasco, Jesus"]
[Result "1-0"]
[WhiteElo "1396"]
[BlackElo "1636"]
[PlyCount "149"]
[EventDate "2017.01.09"]
[EventType "swiss"]
[EventRounds "9"]
[EventCountry "ESP"]
[SourceTitle "Ajedrez en Madrid"]
[Source "lmi"]
[SourceDate "2017.01.09"]

1. d4 Nf6 2. c4 e6 3. Nc3 Bb4 4. Qc2 O-O 5. Bd2 c5 6. a3 Bxc3 7. Bxc3 cxd4 8.
Bxd4 Nc6 9. Bc3 b6 10. f3 Bb7 11. e4 e5 12. Rd1 Qc7 13. Ne2 Rac8 14. Ng3 g6 15.
Be2 Nd8 16. O-O Ne6 17. Bb4 Nc5 18. Rd2 a5 19. Bc3 Rfe8 20. Rfd1 Bc6 21. b4 Ba4
22. Qb1 Bxd1 23. Qxd1 Nb7 24. Nf1 Rcd8 25. Ne3 d6 26. Qb3 Rc8 27. Nd5 Nxd5 28.
Rxd5 Ra8 29. Bd2 Nd8 30. Qe3 Ne6 31. g3 Nd4 32. Kf2 Nxe2 33. Qxe2 Rac8 34. bxa5
bxa5 35. Bxa5 Qa7+ 36. Kg2 Rc6 37. Bb4 Qa6 38. Rb5 Rec8 39. Kh3 Rxc4 40. Ra5
Qb7 41. Rd5 Qd7+ 42. g4 R4c6 43. Kg3 Qe6 44. Qd2 Rd8 45. h3 Kf8 46. h4 Kg7 47.
h5 h6 48. f4 f6 49. hxg6 exf4+ 50. Qxf4 Kxg6 51. Bd2 Rh8 52. Rh5 Qb3+ 53. Kh4
Qxa3 54. Qf5+ Kf7 55. Qd7+ Kg6 56. Qxc6 Qf3 57. Qxd6 Qf2+ 58. Kh3 Qf3+ 59. Qg3
Qxe4 60. Qf2 Qh1+ 61. Kg3 Qc6 62. Qf4 Qe6 63. Rxh6+ Rxh6 64. Qxh6+ Kf7 65. Qh7+
Ke8 66. Qg6+ Kd8 67. Ba5+ Ke7 68. Qg7+ Kd6 69. Qc7+ Kd5 70. Qf4 Qa6 71. Bc3
Qd3+ 72. Qf3+ Qxf3+ 73. Kxf3 Ke6 74. Kf4 Kf7 75. Kf5 1-0

[Event "Madrid-ch Veteranos 2016/2017"]
[Site "Madrid ESP"]
[Date "2017.01.17"]
[Round "7.28"]
[White "Benitez Cadenas, Luis Miguel"]
[Black "Cortijo Manso, Luis"]
[Result "0-1"]
[WhiteElo "1595"]
[BlackElo "1489"]
[PlyCount "88"]
[EventDate "2017.01.09"]
[EventType "swiss"]
[EventRounds "9"]
[EventCountry "ESP"]
[SourceTitle "Ajedrez en Madrid"]
[Source "lmi"]
[SourceDate "2017.01.09"]

1. d4 Nf6 2. c4 g6 3. Nc3 d5 4. Nf3 Bg7 5. Bg5 dxc4 6. e3 O-O 7. Bxc4 c5 8. Qb3
Nc6 9. dxc5 Na5 10. Qa4 Nxc4 11. Qxc4 Be6 12. Qa4 Bd7 13. Qa3 Bc6 14. Rd1 Qc7
15. Bxf6 Bxf6 16. Nd5 Bxd5 17. Rxd5 Qc6 18. Rd1 Qb5 19. Nd4 Qc4 20. b3 Qd5 21.
O-O Rfc8 22. b4 a6 23. Qb3 Qxb3 24. axb3 b6 25. Rc1 b5 26. Rfd1 e5 27. Ne2 a5
28. bxa5 b4 29. Rc4 Rxa5 30. Rxb4 Raxc5 31. Rb6 Kg7 32. b4 Rc2 33. Kf1 Rb2 34.
Ng3 Be7 35. b5 Rc4 36. Rb7 Bh4 37. Nh1 Rcc2 38. g3 Bg5 39. Rdd7 Bxe3 40. Rxf7+
Kh6 41. Rxh7+ Kg5 42. h4+ Kg4 43. Rbg7 Kh3 44. h5 Rb1# 0-1

[Event "Madrid-ch Veteranos 2016/2017"]
[Site "Madrid ESP"]
[Date "2017.01.17"]
[Round "7.30"]
[White "Perez Ramos, Miguel Angel"]
[Black "Rufo Yebra, Benito"]
[Result "0-1"]
[WhiteElo "1188"]
[BlackElo "1352"]
[PlyCount "136"]
[EventDate "2017.01.09"]
[EventType "swiss"]
[EventRounds "9"]
[EventCountry "ESP"]
[SourceTitle "Ajedrez en Madrid"]
[Source "lmi"]
[SourceDate "2017.01.09"]

1. e4 c5 2. Nf3 Nc6 3. c3 g6 4. d4 cxd4 5. cxd4 Bg7 6. Be2 e5 7. d5 Nd4 8. O-O
Nxf3+ 9. Bxf3 d6 10. Be3 Bh6 11. Qd2 Bxe3 12. Qxe3 Bd7 13. Nc3 b6 14. h3 h5 15.
Be2 a6 16. a4 g5 17. Bf3 g4 18. hxg4 hxg4 19. Bxg4 Bxg4 20. f3 Bd7 21. Kf2 Rh2
22. Rg1 Bh3 23. f4 Qh4+ 24. Qg3 Qxf4+ 25. Qxf4 exf4 26. Kf3 Bd7 27. Kxf4 Ke7
28. Kg3 Rh6 29. Kf4 Nf6 30. Rae1 Rg8 31. e5 Rh4+ 32. Kf3 dxe5 33. Rxe5+ Kd6 34.
Ree1 Rh5 35. b3 Rgg5 36. Rh1 Rf5+ 37. Ke2 Rhg5 38. Rhg1 Nxd5 39. Ne4+ Kc7 40.
Nxg5 Rxg5 41. Kd3 Be6 42. Kc2 Rg3 43. Kb2 Nb4 44. Rc1+ Kb7 45. Ka1 Rxb3 46. Rb1
Ra3+ 47. Kb2 Rxa4 48. g4 Nd3+ 49. Kc2 Nf4 50. g5 Bf5+ 51. Kb3 b5 52. Rbe1 Be6+
53. Kc3 Rc4+ 54. Kd2 a5 55. Rc1 Re4 56. Rge1 Rd4+ 57. Ke3 Rb4 58. Rf1 Ng6 59.
Rfd1 Rb3+ 60. Kd4 Kb6 61. Ke4 Rb4+ 62. Rd4 Rxd4+ 63. Kxd4 a4 64. Kc3 Ka5 65.
Kb2 Ne5 66. Rc7 Kb4 67. Rc3 a3+ 68. Rxa3 Nc4+ 0-1

[Event "Madrid-ch Veteranos 2016/2017"]
[Site "Madrid ESP"]
[Date "2017.01.18"]
[Round "8.1"]
[White "Casares Ripoll, Fernando"]
[Black "Elissalt Cardenas, Hector"]
[Result "0-1"]
[WhiteElo "2124"]
[BlackElo "2379"]
[PlyCount "70"]
[EventDate "2017.01.09"]
[EventType "swiss"]
[EventRounds "9"]
[EventCountry "ESP"]
[SourceTitle "Ajedrez en Madrid"]
[Source "lmi"]
[SourceDate "2017.01.09"]

1. d4 Nf6 2. Nc3 d6 3. e4 e5 4. dxe5 dxe5 5. Qxd8+ Kxd8 6. Bg5 Be6 7. O-O-O+
Kc8 8. Bxf6 gxf6 9. Nd5 Nd7 10. Kb1 Bc5 11. f3 c6 12. Nc3 Kc7 13. Bd3 Rag8 14.
g3 b5 15. Bf1 Bb4 16. Nge2 h5 17. Bg2 Nb6 18. b3 a5 19. Rhf1 h4 20. g4 h3 21.
Bh1 a4 22. Rd3 Nd7 23. Kb2 a3+ 24. Kc1 Bf8 25. Ng3 Bh6+ 26. Kb1 Nf8 27. Nh5 Bg5
28. Ne2 Ng6 29. c3 Rd8 30. Rfd1 Rxd3 31. Rxd3 Nf4 32. Nexf4 Bxf4 33. Nxf4 exf4
34. Kc2 Rd8 35. Rxd8 Kxd8 0-1

[Event "Madrid-ch Veteranos 2016/2017"]
[Site "Madrid ESP"]
[Date "2017.01.18"]
[Round "8.2"]
[White "Nunez Munoz, Jesus"]
[Black "Gonzalez Mateos, Rafael"]
[Result "1-0"]
[WhiteElo "2186"]
[BlackElo "1955"]
[PlyCount "103"]
[EventDate "2017.01.09"]
[EventType "swiss"]
[EventRounds "9"]
[EventCountry "ESP"]
[SourceTitle "Ajedrez en Madrid"]
[Source "lmi"]
[SourceDate "2017.01.09"]

1. e4 e6 2. d4 d5 3. Nd2 a6 4. Ngf3 c5 5. exd5 exd5 6. Be2 Nf6 7. O-O c4 8. b3
cxb3 9. axb3 Bb4 10. Bb2 O-O 11. Bd3 Bg4 12. c3 Be7 13. Re1 Nc6 14. Qb1 h6 15.
Ne5 Nxe5 16. dxe5 Nd7 17. h3 Be6 18. f4 Nc5 19. Bc2 Qb6 20. Kh1 Ne4 21. Nxe4
dxe4 22. Bxe4 Qxb3 23. Ba3 Bxa3 24. Qxb3 Bxb3 25. Rxa3 Bc4 26. Bxb7 Ra7 27. Bf3
g5 28. fxg5 hxg5 29. Be2 Bxe2 30. Rxe2 Re8 31. Kg1 Re6 32. Kf2 Kg7 33. Ra5 Kg6
34. g4 Rd7 35. Kf3 f6 36. Re3 Rde7 37. c4 fxe5 38. Rea3 e4+ 39. Ke2 Ra7 40. Ke3
Kf6 41. Rf5+ Kg6 42. Raa5 Rb7 43. Rxg5+ Kh6 44. Rh5+ Kg6 45. Rag5+ Kf6 46. Rh6+
Kxg5 47. Rxe6 Rb3+ 48. Kxe4 Rxh3 49. Rxa6 Rg3 50. Re6 Rxg4+ 51. Kd5 Kf5 52. Re1
1-0